| 000 | 00578nam a2200193Ia 4500 | ||
|---|---|---|---|
| 003 | IN-BaIIA | ||
| 008 | 211028s9999 xx 000 0 eng d | ||
| 040 | _cIIA Library | ||
| 080 |
_a515.12 _bLIP |
||
| 100 |
_aLipschutz, Seymour _96066 |
||
| 245 | 0 |
_aSchaum's outline of theory and problems of general topology _cSeymour Lipschutz |
|
| 260 |
_aNew York _bMcGraw-Hill _c1965 |
||
| 300 | _a296p. | ||
| 490 | _aSchaum's outline series | ||
| 650 |
_aAlgebra _91494 |
||
| 650 | _aNASA thesaurus | ||
| 650 |
_aTopology _94373 |
||
| 942 | _cBK | ||
| 999 |
_c3425 _d3425 |
||